MARC details
| 000 -LEADER |
| fixed length control field |
02891cam a22006258i 4500 |
| 001 - CONTROL NUMBER |
| control field |
ocn953709717 |
| 003 - CONTROL NUMBER IDENTIFIER |
| control field |
OCoLC |
| 005 - DATE AND TIME OF LATEST TRANSACTION |
| control field |
20200320203509.0 |
| 008 - FIXED-LENGTH DATA ELEMENTS--GENERAL INFORMATION |
| fixed length control field |
160812s2017 maua j 000 1 eng |
| 010 ## - LIBRARY OF CONGRESS CONTROL NUMBER |
| LC control number |
2016014201 |
| 020 ## - INTERNATIONAL STANDARD BOOK NUMBER |
| International Standard Book Number |
9780544638730 |
| Qualifying information |
(hardcover) |
| 020 ## - INTERNATIONAL STANDARD BOOK NUMBER |
| International Standard Book Number |
0544638735 |
| Qualifying information |
(hardcover) |
| 035 ## - SYSTEM CONTROL NUMBER |
| System control number |
(OCoLC)953709717 |
| 040 ## - CATALOGING SOURCE |
| Original cataloging agency |
DLC |
| Language of cataloging |
eng |
| Description conventions |
rda |
| Transcribing agency |
DLC |
| Modifying agency |
BTCTA |
| -- |
YDXCP |
| -- |
WIM |
| -- |
ORX |
| -- |
OCLCO |
| -- |
OCLCQ |
| -- |
SINLB |
| -- |
OCLCO |
| -- |
OJ4 |
| -- |
IHX |
| -- |
JP3 |
| -- |
NYP |
| -- |
WACOL |
| 042 ## - AUTHENTICATION CODE |
| Authentication code |
lcac |
| -- |
pcc |
| 049 ## - LOCAL HOLDINGS (OCLC) |
| Holding library |
WACL |
| 050 00 - LIBRARY OF CONGRESS CALL NUMBER |
| Classification number |
PZ7.5.W57 |
| Item number |
Gm 2017 |
| 082 04 - DEWEY DECIMAL CLASSIFICATION NUMBER |
| Classification number |
[E] |
| Edition number |
23 |
| 084 ## - OTHER CLASSIFICATION NUMBER |
| Classification number |
JUV057000 |
| -- |
JUV032170 |
| -- |
JUV013030 |
| -- |
JUV013070 |
| -- |
JUV029010 |
| Source of number |
bisacsh |
| 092 ## - LOCALLY ASSIGNED DEWEY CALL NUMBER (OCLC) |
| Classification number |
junior fiction |
| Item number |
Wis |
| 100 1# - MAIN ENTRY--PERSONAL NAME |
| Personal name |
Wissinger, Tamera Will, |
| Relator term |
author. |
| 9 (RLIN) |
5939554 |
| 245 10 - TITLE STATEMENT |
| Title |
Gone camping : |
| Remainder of title |
a novel in verse / |
| Statement of responsibility, etc |
by Tamera Will Wissinger ; illustrated by Matthew Cordell. |
| 264 #1 - Production, Publication, Distribution, Manufacture, and Copyright Notice. |
| Place of production, publication, distribution, manufacture |
Boston : |
| Name of producer, publisher, distributor, manufacturer |
Houghton Mifflin Harcourt, |
| Date of production, publication, distribution, manufacture, or copyr |
[2017] |
| 264 #4 - Production, Publication, Distribution, Manufacture, and Copyright Notice. |
| Date of production, publication, distribution, manufacture, or copyr |
©2017 |
| 300 ## - PHYSICAL DESCRIPTION |
| Extent |
106 pages : |
| Other physical details |
illustrations ; |
| Dimensions |
23 cm |
| 336 ## - Content Type |
| Content type term |
text |
| 336 ## - Content Type |
| Content type term |
still image |
| 337 ## - Media type |
| Media type term |
unmediated |
| 338 ## - Carrier type |
| Carrier type term |
volume |
| 520 ## - SUMMARY, ETC. |
| Summary, etc |
"Camping is fun. Until it's time to sleep. Then, Lucy wonders, what kinds of creatures lurk in the dark? With only her brother and grandpa as tent mates, will Lucy be able to face her camping fears? Includes a variety of poetic forms--from aubade to haiku--as well as writing tips about rhyme and rhythm"-- |
| -- |
Provided by publisher. |
| 521 ## - TARGET AUDIENCE NOTE |
| Target audience note |
junior fiction |
| Source |
junior library guild |
| 650 #0 - SUBJECT ADDED ENTRY--TOPICAL TERM |
| Topical term or geographic name as entry element |
Novels in verse |
| Form subdivision |
Juvenile fiction. |
| 9 (RLIN) |
5939555 |
| 650 #0 - SUBJECT ADDED ENTRY--TOPICAL TERM |
| Topical term or geographic name as entry element |
Camping |
| Form subdivision |
Juvenile fiction. |
| 9 (RLIN) |
5679246 |
| 650 #0 - SUBJECT ADDED ENTRY--TOPICAL TERM |
| Topical term or geographic name as entry element |
Nature stories. |
| 9 (RLIN) |
88403 |
| 650 #0 - SUBJECT ADDED ENTRY--TOPICAL TERM |
| Topical term or geographic name as entry element |
Brothers and sisters |
| Form subdivision |
Juvenile fiction. |
| 9 (RLIN) |
5674032 |
| 650 #0 - SUBJECT ADDED ENTRY--TOPICAL TERM |
| Topical term or geographic name as entry element |
Grandfathers |
| Form subdivision |
Juvenile fiction. |
| 9 (RLIN) |
5684780 |
| 650 #0 - SUBJECT ADDED ENTRY--TOPICAL TERM |
| Topical term or geographic name as entry element |
Illustrated children's books. |
| 9 (RLIN) |
5939556 |
| 650 #1 - SUBJECT ADDED ENTRY--TOPICAL TERM |
| Topical term or geographic name as entry element |
Novels in verse. |
| 9 (RLIN) |
99604 |
| 650 #1 - SUBJECT ADDED ENTRY--TOPICAL TERM |
| Topical term or geographic name as entry element |
Camping |
| Form subdivision |
Fiction. |
| 9 (RLIN) |
5701673 |
| 650 #1 - SUBJECT ADDED ENTRY--TOPICAL TERM |
| Topical term or geographic name as entry element |
Nature |
| Form subdivision |
Fiction. |
| 9 (RLIN) |
5724649 |
| 650 #1 - SUBJECT ADDED ENTRY--TOPICAL TERM |
| Topical term or geographic name as entry element |
Brothers and sisters |
| Form subdivision |
Fiction. |
| 9 (RLIN) |
5673852 |
| 650 #1 - SUBJECT ADDED ENTRY--TOPICAL TERM |
| Topical term or geographic name as entry element |
Grandfathers |
| Form subdivision |
Fiction. |
| 9 (RLIN) |
5684783 |
| 650 #7 - SUBJECT ADDED ENTRY--TOPICAL TERM |
| Topical term or geographic name as entry element |
JUVENILE FICTION / Stories in Verse. |
| Source of heading or term |
bisacsh |
| 9 (RLIN) |
5717143 |
| 650 #7 - SUBJECT ADDED ENTRY--TOPICAL TERM |
| Topical term or geographic name as entry element |
JUVENILE FICTION / Sports & Recreation / Camping & Outdoor Activities. |
| Source of heading or term |
bisacsh |
| 9 (RLIN) |
5760677 |
| 650 #7 - SUBJECT ADDED ENTRY--TOPICAL TERM |
| Topical term or geographic name as entry element |
JUVENILE FICTION / Family / Multigenerational. |
| Source of heading or term |
bisacsh |
| 9 (RLIN) |
5713162 |
| 650 #7 - SUBJECT ADDED ENTRY--TOPICAL TERM |
| Topical term or geographic name as entry element |
JUVENILE FICTION / Family / Siblings. |
| Source of heading or term |
bisacsh |
| 9 (RLIN) |
5679134 |
| 650 #7 - SUBJECT ADDED ENTRY--TOPICAL TERM |
| Topical term or geographic name as entry element |
JUVENILE FICTION / Nature & the Natural World / Environment. |
| Source of heading or term |
bisacsh |
| 9 (RLIN) |
5701776 |
| 700 1# - ADDED ENTRY--PERSONAL NAME |
| Personal name |
Cordell, Matthew, |
| Dates associated with a name |
1975- |
| Relator term |
illustrator. |
| 9 (RLIN) |
5719322 |
| 938 ## - |
| -- |
Baker and Taylor |
| -- |
BTCP |
| -- |
BK0019216061 |
| 938 ## - |
| -- |
YBP Library Services |
| -- |
YANK |
| -- |
13075580 |
| 942 ## - ADDED ENTRY ELEMENTS (KOHA) |
| Koha item type |
BOOK |
| 948 ## - LOCAL PROCESSING INFORMATION (OCLC); SERIES PART DESIGNATOR (RLIN) |
| Series part designator, SPT (RLIN) |
04/13/2017 |
| z (OCLC) |
Sirsi |
| 994 ## - |
| -- |
C0 |
| -- |
WACOL |
| 996 ## - |
| -- |
139810 |
| -- |
34301001351941 |
| -- |
J |
| -- |
bk |
| -- |
wcl |
| -- |
i |
| -- |
2 |
| -- |
15.99 |
| -- |
junior library guild |
| -- |
Wis |
| -- |
04/13/2017 |
| -- |
02/04/2020 |
| -- |
01/28/2020 |